| 000 | 00560 a2200193 4500 | ||
|---|---|---|---|
| 001 | OJ-nrt-2850 | ||
| 003 | FrMaCLE | ||
| 005 | 20251214085615.0 | ||
| 007 | cu ||||||m|||| | ||
| 008 | 160913e||||||||xx |||||s|||||||||0|fr|d | ||
| 024 | 7 |
_a10.4000/nrt.2850 _2doi |
|
| 040 | _aFR-FrMaCLE | ||
| 100 | 1 | _aFortino, Sabine | |
| 245 | 1 | 0 | _aGenre(s) au travail. |
| 260 | _c2016 | ||
| 540 |
_aCC-BY-NC-ND-4.0 _uhttps://creativecommons.org/licenses/by-nc-nd/4.0/ |
||
| 700 | 1 | _aBouffartigue, Paul | |
| 856 | 4 |
_uhttps://journals.openedition.org/nrt/2850 _yGenre(s) au travail |
|
| 999 |
_c28773 _d28773 |
||